000 00731nam a2200217 i 4500
001 69034
003 ES-MaACL
005 20230906170423.0
007 t|
008 150310s1967 fr ||||1| fre d
100 0 _aErlanger, Philippe.
_947405
245 1 3 _aLe massacre de la Saint-Barthélémy
_b: 24 août 1572 /
_cPhilippe Erlanger.
260 _a[Paris] :
_bGallimard,
_cImpr. 1967.
300 _aXI,322 p.,31 p. de lám. :
_bil. ;
_c21 cm.
490 1 _aTrente journées qui ont fait la France ;
_v12
504 _aBibliogr. p. [291]-296.
650 4 _aSan Bartolomé, Noche de, 1572.
_9156523
830 0 _aTrente journées qui ont fait la France ;
_v12
_9182109
852 _aES-MaACL
_jE-15460
999 _c69034
_d69034